000 00426nam a22001817a 4500
003 MPLRDC
005 20220104164445.0
008 210129b ||||| |||| 00| 0 eng d
020 _a0-7515-2535-9
082 _a870.57 CORa-2
100 _aPATRICIA CORNWELL
245 _aTHE LAST PRECINCT
_c
250 _a初版
260 _a
_bWARNER BOOKS
_c2000
300 _b
650 _aFICTION
942 _cBK
_o870.57 CORa-2
999 _c56990
_d56980